Statistiques concernant Culture Générale - Série 225

Cliquez ici pour prendre le quiz!

Statistiques générales

  • Ce quiz a été pris 69 fois
  • Le résultat moyen est 7 sur 10

Statistiques - réponses

Question Réponse % Correct
Selon la mythologie, combien de cornes la licorne portait-elle ?1
100%
De quel fruit la mirabelle est-elle une variété ?La prune
89%
Quel motif est représenté sur le pull et la casquette du capitaine Haddock ?une ancre
88%
Quel héros de Shakespeare dit : " To be or not to be..." ?Hamlet
86%
Dans quel sport Hana Mandlikova s'est-elle illustrée ?Le tennis
76%
Quel quai parisien héberge la brigade criminelle et celle des stupéfiants ?Quai des Orfèvres
73%
De quel instrument joue Rostropovitch devant le mur de Berlin en 1989 ?Du violoncelle
70%
Quel grand écrivain allemand a écrit "Faust" et "Le Jeune Werther" ?Goethe
53%
En 1964, qui est l'interprète de "Toujours un coin qui me rappelle" ?Eddy Mitchell
27%
Quel écrivain est l'auteur du "Petit Chose" en 1868 ?Alphonse Daudet
23%

Distribution des résultats

Percentile by Number Answered

% des personnes avec chaque résultat

Votre développement - résultats

Vous n’avez pas pris ce quiz